| 000 | 02511cam a2200409 i 4500 | ||
|---|---|---|---|
| 001 | 19164909 | ||
| 005 | 20220818092606.0 | ||
| 008 | 160706t20182018maua 000 0 eng | ||
| 010 | _a 2016031130 | ||
| 020 | _a978-93-530-6041-1 (hardcover : student edition) | ||
| 020 | _a0134439023 (hardcover : student edition) | ||
| 020 | _a9780134439020 (hardcover : instructor's edition) | ||
| 020 | _a0134439023 (hardcover : instructor's edition) | ||
| 040 |
_aDLC _beng _cDLC _erda _dDLC |
||
| 042 | _apcc | ||
| 050 | 0 | 0 |
_aQA303.2 _b.F56 2018 |
| 082 | 0 | 0 |
_a515,HAS _223 |
| 100 | 1 | _aHass, Joel. | |
| 245 | 1 | 0 |
_aThomas' calculus : _bearly transcendentals / _cbased on the original work by George B. Thomas, Jr., Massachusetts Institute of Technology ; as revised by Joel Hass, University of California, Davis, Christopher Heil, Georgia Institute of Technology, Maurice D. Weir, Naval Postgraduate School. |
| 246 | 3 | 0 |
_aCalculus : _bearly transcendentals |
| 250 | _aFourteenth edition. | ||
| 264 | 1 |
_aBoston : _bPearson, _c[2018] |
|
| 264 | 4 | _c©2018 | |
| 300 |
_axvii, 1048: pages _billustrations (some color) ; _c29 cm |
||
| 336 |
_atext _btxt _2rdacontent |
||
| 337 |
_aunmediated _bn _2rdamedia |
||
| 338 |
_avolume _bnc _2rdacarrier |
||
| 505 | _aFunctions (Page-1), Limits and Continuity (Page-38),Derivatives (Page-102),Applications of Derivatives (Page-183),Integrals (Page-248),Applications of Definite Integrals (Page-314),Transcendental Functions (Page-370),Techniques of Integration (Page-447),First-Order Differential Equations (Page-526),Infinite Sequences and Series (Page-563),Parametric Equations and Polar Coordinates (Page-649),Vectors and the Geometry of Space (Page-700),Vector-Valued Functions and Motion in Space (Page-749), Partial Derivatives (Page-792),Multiple Integrals (Page-883),Integrals and Vector Fields (Page-955),Second-Order Differential Equations (Online at www.goo.gl/MgDXPY). | ||
| 650 | 0 |
_aCalculus _vTextbooks. _94507 |
|
| 650 | 0 |
_aGeometry, Analytic _vTextbooks. _94508 |
|
| 700 | 1 |
_aHeil, Christopher, _d1960- _918020 |
|
| 700 | 1 |
_aWeir, Maurice D. _94506 |
|
| 700 | 1 |
_aThomas, George B., _cJr. _q(George Brinton), _d1914-2006. _tCalculus. _iBased on (work): _918045 |
|
| 906 |
_a7 _bcbc _corignew _d1 _eecip _f20 _gy-gencatlg |
||
| 942 |
_2ddc _cBK |
||
| 999 |
_c591201 _d591201 |
||